Šrotovné v kontextu modelování poptávky po automobilech

Zavádzanie šrotovného-motivácia a účinnosť. Teoretický kontext modelovania dopytu po automobiloch. Efektivita šrotovného - návrh modelu a jeho premenné.

Uložené v:
Podrobná bibliografia
Hlavný autor: Litzman, Marek
Ďalší autori: Kouba, Luděk, Dušková, Jitka
Médium: Kapitola
Jazyk:Czech
Predmet:
Tagy: Pridať tag
Žiadne tagy, Buďte prvý, kto otaguje tento záznam!

MARC

LEADER 00000naa a2200000 4500
001 0165458
005 20231128131445.1
041 0 |a cze 
044 |a CZ 
245 1 0 |a Šrotovné v kontextu modelování poptávky po automobilech  |c Marek Litzman, Luděk Kouba, Jitka Dušková 
520 |a Zavádzanie šrotovného-motivácia a účinnosť. Teoretický kontext modelovania dopytu po automobiloch. Efektivita šrotovného - návrh modelu a jeho premenné. 
610 2 0 |a efektívnosť ekonomická 
610 2 0 |a automobilizmus 
610 2 0 |a automobily 
610 2 0 |a predaj 
610 2 0 |a šrot 
610 2 0 |a kríza hospodárska 
610 2 0 |a podpora predaja 
100 1 |a Litzman, Marek 
700 1 |a Kouba, Luděk 
700 1 |a Dušková, Jitka